000 00211 a2200097 4500
001 2619
100 _aGartmann, H
245 _aThe men behind the space rockd
260 _a
_bWeidenfeld
_c
090 _c1916
_d1916
942 _aNUST-CAE
_cM
_c10180
999 _c237692
_d237692